Republica de Colombia Departamento de Amazonas (Registro nro. 18324)
[ vista simple ]
| 000 -CABECERA | |
|---|---|
| Campo de control | 00847nem a22002417a 4500 |
| 005 - FECHA Y HORA DE LA ULTIMA TRANSACCION | |
| Campo de control | 20191224042245.0 |
| 008 - ELEMENTOS DE LONGITUD FIJA—INFORMACION GENERAL | |
| Campo de control | 160421b1992 ck ||||| |a|| 00| 0 spa d |
| 040 ## - FUENTE DE CATALOGACIÓN | |
| Agencia catalogadora original | CO-BoIAVH |
| Agencia transcriptora | CO-BoIAVH |
| 041 ## - IDIOMA | |
| Código de idioma para texto/pista de sonido o título separado | Español |
| 044 ## - PAÍS DE PUBLICACIÓN | |
| País de publicación | Colombia |
| 090 ## - CLASIFICACIÓN LOCAL | |
| Colección | MC- |
| Consecutivo | 0025 |
| 110 2# - ASIENTO PRINCIPAL--NOMBRE CORPORATIVO | |
| Nombre corporativo o de jurisdicción como elemento de entrada | Instituto Geográfico Agustín Codazzi |
| 245 1# - MENCION DE TITULO | |
| Título | Republica de Colombia Departamento de Amazonas |
| Mención de responsabilidad | Instituto Geográfico Agustín Codazzi, Ministerio de Hacienda y Crédito Público |
| Medio físico | [Material Cartográfico] |
| 250 ## - MENCION DE EDICION | |
| Mención de edición | 2a edición. |
| 255 ## - DATOS MATEMATICOS CARTOGRAFICOS | |
| Mención de escala | 1:700.000 |
| 260 ## - PUBLICACION, DISTRIBUCION, ETC. (PIE DE IMPRENTA) | |
| Lugar de publicación, distribución, etc. | Bogotá |
| Nombre del editor, distribuidor, etc. | Instituto Geográfico Agustín Codazzi |
| Fecha de publicación, distribución, etc. | 1992 |
| 300 ## - DESCRIPCION FISICA | |
| Extensión | 1 mapa ; |
| Otros detalles físicos | Color |
| Dimensiones | 80 x 69 cm |
| 650 #4 - ASIENTO SECUNDARIO DE MATERIA - TERMINO TEMATICO | |
| Término temático o nombre geográfico como elemento de entrada | Geografía |
| 650 #4 - ASIENTO SECUNDARIO DE MATERIA - TERMINO TEMATICO | |
| Término temático o nombre geográfico como elemento de entrada | Hidrografía |
| 650 #4 - ASIENTO SECUNDARIO DE MATERIA - TERMINO TEMATICO | |
| Término temático o nombre geográfico como elemento de entrada | Topografía| |
| 710 1# - ASIENTO SECUNDARIO - NOMBRE CORPORATIVO | |
| Nombre corporativo o de jurisdicción como elemento de entrada | Ministerio de Hacienda y Crédito Público |
| Término de relación | Colombia |
| 942 ## - ELEMENTOS ADICIONALES (KOHA) | |
| Sistema de clasificación | Local |
| Tipo de ítem | Mapa |
| Withdrawn status | Lost status | Sistema de Clasificación | Damaged status | No para préstamo | Colección | Ubicación Permanente | Ubicación actual | Fecha de adquisición | Total Checkouts | Número topográfico | Inventario / Código de Barras | Date last seen | Ejemplar | Price effective from | Tipo de material |
|---|---|---|---|---|---|---|---|---|---|---|---|---|---|---|---|
| Local | Bogotá | Bogotá | 21/04/2016 | MC-0025 | 040021 | 21/04/2016 | Ej. 1 | 21/04/2016 | Mapa |